Cenový věstník

Guardado en:
Detalles Bibliográficos
Formato: Seriadas
Lenguaje:checo
Publicado: Praha Fed. stat. úřad 1988
Etiquetas: Agregar Etiqueta
Sin Etiquetas, Sea el primero en etiquetar este registro!

MARC

LEADER 00000nas2a2200000 4500
001 s034653
005 20250730114145.4
041 0 |a cze 
044 |a CZ 
245 1 0 |a Cenový věstník 
264 1 |a Praha  |b Fed. stat. úřad  |c 1988 
300 |a 2 zv. 
773 0 |w eu_un_cat*s120102